Groupes de choses - Transports dans le monde - Statistiques

Statistiques générales
  • Ce quiz a été pris 487 fois
  • Le résultat moyen est 57 sur 75
Statistiques - réponses
Indice Pays % Correct
Les pays ayant le plus grand nombre d'aéroports France
100%
Les pays ayant le plus de voies de chemin de fer France
100%
Les pays ayant le plus de routes France
100%
Les pays ayant le plus grand nombre d'aéroports Etats Unis
99%
Les pays ayant le plus de voies de chemin de fer Etats Unis
99%
Les pays ayant le plus de routes Etats Unis
99%
Les pays ayant le plus de voies navigables Etats Unis
99%
Les pays ayant les plus grosses flottes marchandes Etats Unis
99%
Les pays ayant le plus grand nombre d'aéroports Chine
98%
Les pays ayant le plus de voies de chemin de fer Chine
98%
Les pays ayant le plus de routes Chine
98%
Les pays ayant le plus de voies navigables Chine
98%
Les pays ayant les plus grosses flottes marchandes Chine
98%
Les pays ayant le plus grand nombre d'aéroports Russie
98%
Les pays ayant le plus de voies de chemin de fer Russie
98%
Les pays ayant le plus de routes Russie
98%
Les pays ayant le plus de voies navigables Russie
98%
Les pays ayant les plus grosses flottes marchandes Russie
98%
Les pays ayant le plus grand nombre d'aéroports Brésil
96%
Les pays ayant le plus de voies de chemin de fer Brésil
96%
Les pays ayant le plus de routes Brésil
96%
Les pays ayant le plus de voies navigables Brésil
96%
Les pays ayant le plus grand nombre d'aéroports Allemagne
95%
Les pays ayant le plus de voies de chemin de fer Allemagne
95%
Les pays ayant le plus de routes Allemagne
95%
Les pays ayant le plus grand nombre d'aéroports Canada
95%
Les pays ayant le plus de voies de chemin de fer Canada
95%
Les pays ayant le plus de routes Canada
95%
Les pays ayant le plus de voies de chemin de fer Japon
95%
Les pays ayant le plus de routes Japon
95%
Les pays ayant les plus grosses flottes marchandes Japon
95%
Les pays ayant le plus de routes Espagne
93%
Les pays ayant le plus grand nombre d'aéroports Argentine
90%
Les pays ayant le plus de voies de chemin de fer Argentine
90%
Les pays ayant le plus de voies navigables Argentine
90%
Les pays ayant le plus de voies de chemin de fer Australie
90%
Les pays ayant le plus de routes Australie
90%
Les pays ayant le plus de voies de chemin de fer Inde
90%
Les pays ayant le plus de routes Inde
90%
Les pays ayant le plus de voies navigables Inde
90%
Les pays ayant les plus grosses flottes marchandes Inde
90%
Les pays ayant le plus grand nombre d'aéroports Mexique
89%
Les pays ayant le plus de voies de chemin de fer Mexique
89%
Les pays ayant le plus de routes Mexique
89%
Les pays ayant le plus de voies de chemin de fer Afrique du Sud
80%
Les pays ayant le plus de routes Afrique du Sud
80%
Les pays ayant le plus grand nombre d'aéroports Chili
76%
Les pays ayant le plus de routes Suède
72%
Les pays ayant les plus grosses flottes marchandes Corée du sud
70%
Les pays ayant le plus grand nombre d'aéroports Colombie
68%
Les pays ayant le plus de voies navigables Colombie
68%
Les pays ayant le plus grand nombre d'aéroports Indonésie
68%
Les pays ayant le plus de routes Indonésie
68%
Les pays ayant le plus de voies navigables Indonésie
68%
Les pays ayant les plus grosses flottes marchandes Indonésie
68%
Les pays ayant le plus de voies de chemin de fer Pologne
68%
Les pays ayant le plus de voies de chemin de fer Ukraine
64%
Les pays ayant le plus de voies navigables Viet Nam
56%
Les pays ayant les plus grosses flottes marchandes Vietnam
56%
Les pays ayant les plus grosses flottes marchandes Malaisie
50%
Les pays ayant les plus grosses flottes marchandes Philippines
50%
Les pays ayant le plus grand nombre d'aéroports Bolivie
46%
Les pays ayant le plus de voies navigables Bolivie
46%
Les pays ayant le plus de voies navigables Kazakhstan
46%
Les pays ayant les plus grosses flottes marchandes Singapour
39%
Les pays ayant les plus grosses flottes marchandes Panama
38%
Les pays ayant le plus grand nombre d'aéroports Paraguay
35%
Les pays ayant le plus de voies navigables Birmanie
30%
Les pays ayant le plus grand nombre d'aéroports Papouasie Nouvelle Guinée
21%
Les pays ayant le plus de voies navigables Papouasie Nouvelle Guinée
21%
Les pays ayant les plus grosses flottes marchandes Malte
17%
Les pays ayant le plus de voies navigables Tchad
13%
Les pays ayant les plus grosses flottes marchandes Iles Marshall
10%
Les pays ayant les plus grosses flottes marchandes Libéria
9%
Les pays ayant le plus de voies navigables Congo RD
1%
Aucun quiz correspondant
Distribution des résultats
% des personnes avec chaque résultat
Percentile par nombre de réponses
Votre historique - résultats
Vous n’avez pas pris ce quiz